Aus dem tagebuch eines Konter-Revolutionèars / (Record no. 87380)
[ view plain ]
| 000 -LEADER | |
|---|---|
| campo de control de longitud fija | 00654nam a2200181 i 4500 |
| 001 - NÚMERO DE CONTROL | |
| campo de control | 87380 |
| 003 - IDENTIFICADOR DE NÚMERO DE CONTROL | |
| campo de control | ES-MaACL |
| 007 - CAMPO FIJO DE DESCRIPCIÓN FÍSICA--INFORMACIÓN GENERAL | |
| campo de control de longitud fija | t| |
| 008 - DATOS DE LONGITUD FIJA--INFORMACIÓN GENERAL | |
| campo de control de longitud fija | 041221s1969 ddr ||||1| ger d |
| 100 1# - ENTRADA PRINCIPAL--NOMBRE DE PERSONA | |
| Nombre de persona | Kohout, Pavel. |
| 9 (RLIN) | 68494 |
| 245 10 - MENCIÓN DEL TÍTULO | |
| Título | Aus dem tagebuch eines Konter-Revolutionèars / |
| Mención de responsabilidad, etc. | Pavel Kohout ; mit graphiken von pravoslav Sovák ; aus dem tschechischen von Gustav Solar und Felix R. Bosonnet. |
| 260 ## - PUBLICACIÓN, DISTRIBUCIÓN, ETC. | |
| Lugar de publicación, distribución, etc. | Luzern ; |
| -- | Frankfurt : |
| Nombre del editor, distribuidor, etc. | C.J. Bucher, |
| Fecha de publicación, distribución, etc. | [1969] |
| 300 ## - DESCRIPCIÓN FÍSICA | |
| Extensión | 289 p. : |
| Otras características físicas | il. ; |
| Dimensiones | 23 cm. |
| 700 1# - ENTRADA AGREGADA--NOMBRE PERSONAL | |
| Nombre de persona | Sovák, Pravoslav. |
| 9 (RLIN) | 107611 |
| 700 1# - ENTRADA AGREGADA--NOMBRE PERSONAL | |
| Nombre de persona | Solar, Gustav. |
| 9 (RLIN) | 107096 |
| 700 1# - ENTRADA AGREGADA--NOMBRE PERSONAL | |
| Nombre de persona | Bossonet, Felix R. |
| 9 (RLIN) | 30720 |
| 852 ## - LOCALIZACIÓN | |
| Ubicación | ES-MaACL |
| Número de control de estantería | G-13309 |
| Sublocalización o colección | R.114138 |
| Estatus retirado | Estado de pérdida | Estado de daño | No para préstamo | Biblioteca de origen | Biblioteca actual | Ubicación en estantería | Fecha de adquisición | Fuente de adquisición | Total de préstamos | Signatura topográfica completa | Código de barras | Visto por última vez | Precio de reemplazo | Tipo de ítem Koha |
|---|---|---|---|---|---|---|---|---|---|---|---|---|---|---|
| Biblioteca del Ateneo de Madrid | Biblioteca del Ateneo de Madrid | Sala Pecera Planta 3 | 17/01/2008 | G-13309 | 1091288 | 23/02/2023 | 23/02/2023 | Libro impreso |
